Normal view
MARC view
- التعلم-التربيه-الرياضيات-اساليب التعلم-التدريس
Entry Topical Term
001 - CONTROL NUMBER
- control field: 57694
003 - CONTROL NUMBER IDENTIFIER
- control field: JO-AjAnu
005 - DATE AND TIME OF LATEST TRANSACTION
- control field: 20230606083439.0
008 - FIXED-LENGTH DATA ELEMENTS
- fixed length control field: 230606|| aca||aabn | a|a d
040 ## - CATALOGING SOURCE
- Original cataloging agency: JO-AjAnu
- Transcribing agency: JO-AjAnu
150 ## - HEADING--TOPICAL TERM
- Topical term or geographic name entry element: التعلم-التربيه-الرياضيات-اساليب التعلم-التدريس
670 ## - SOURCE DATA FOUND
- Source citation: Work cat.: (JO-AjAnu)29437: ابو زينة، فريد كامل , author 57693, مناهج الرياضيات المدرسية وتدريسها